Európska únia praktikum II.
Enregistré dans:
| Auteur principal: | |
|---|---|
| Collectivité auteur: | |
| Autres auteurs: | , |
| Format: | Livre |
| Langue: | slovaque |
| Publié: |
Bratislava
Vydavateľstvo EKONÓM
2010
|
| Sujets: | |
| Tags: |
Pas de tags, Soyez le premier à ajouter un tag!
|
MARC
| LEADER | 00000nam$a2200000$$$4500 | ||
|---|---|---|---|
| 001 | 0120432 | ||
| 005 | 20240502072343.6 | ||
| 020 | |a 978-80-225-3071-2 | ||
| 041 | 0 | |a slo | |
| 044 | |a SK | ||
| 245 | 1 | 0 | |a Európska únia |b praktikum II. |c Richard Woltemar |
| 264 | 1 | |a Bratislava |b Vydavateľstvo EKONÓM |c 2010 | |
| 300 | |a 161 s. [11,839 AH] | ||
| 610 | 2 | 0 | |a integrácia ekonomická medzinárodná |
| 610 | 2 | 0 | |a politika regionálna |
| 610 | 2 | 0 | |a politika energetická |
| 610 | 2 | 0 | |a politika environmentálna |
| 610 | 2 | 0 | |a politika hospodárska |
| 610 | 2 | 0 | |a politika hospodárska medzinárodná |
| 610 | 2 | 0 | |a stabilita hospodárstva |
| 610 | 2 | 0 | |a rast hospodársky |
| 610 | 2 | 0 | |a migrácia |
| 610 | 2 | 0 | |a Európska únia |
| 100 | 1 | |a Woltemar, Richard | |
| 700 | 1 | |a Lipková, Ľudmila | |
| 700 | 1 | |a Strážovská, Ľubomíra | |
| 710 | 2 | |a Ekonomická univerzita v Bratislave. Fakulta medzinárodných vzťahov | |